U.S. States to Elements Quiz - Statistics

General Stats
  • This quiz has been taken 724 times
  • The average score is 8 of 17
Answer Stats
State Element % Correct
Alabama Aluminum
93%
California Calcium
82%
Colorado Cobalt
81%
Arkansas Argon
66%
Indiana Indium
66%
Georgia Gallium
53%
Nebraska Neon
49%
South Carolina Scandium
47%
Minnesota Manganese
46%
Louisiana Lanthanum
35%
Missouri Molybdenum
31%
Florida Flerovium
28%
North Dakota Neodymium
27%
New Hampshire Nihonium
27%
Maryland Mendelevium
21%
Montana Meitnerium
19%
Pennsylvania Protactinium
10%
No matching quizzes found
Score Distribution
Percent of People with Each Score
Percentile by Number Answered
Your Score History
You have not taken this quiz